000 01127cam a2200313 a 4500
001 1408
005 20230908153323.0
020 _a0807554030 (hardcover)
020 _a0807554049
040 _aDLC
_cDLC
_dDLC
_beng
050 0 0 _aPZ7.W244
_bMwv 1994
082 0 0 _aFic
100 1 _aWarner, Gertrude Chandler,
_d1890-1979.
245 1 4 _aThe mystery of the hidden beach /
_c by Gertrude Chandler Warner ; illustrated by Charles Tang.
260 _aMorton Grove, Ill. :
_bA. Whitman,
_c1994.
300 _a119 pages :
_billustrations ;
_c20 cm
490 _aThe Boxcar Children
_vBook 41
505 _aO
520 _aWhile visiting the Florida Keys, the Aldens encounter suspicious characters, strange incidents at night, and a plot to steal valuable coral.
521 _a620
_bLexile
521 _aO
_bRaz-Plus
650 1 _aCoral reefs and islands
_xFiction.
650 1 _aBrothers and sisters
_xFiction.
650 1 _aOrphans
_xFiction.
650 1 _aMystery and detective stories.
700 1 _aTang, Charles
_eillustrator
906 _a7
_bcbc
_corignew
_d1
_eocip
_f19
_gy-gencatlg
942 _2ddc
_cBK
_n0
999 _c1408
_d1408